000 00377nam a22001571a 4500
020 _a9788170163985
082 _aH301
_bMAI/G
100 _aMaitreyi Pushpa
245 _aGoma haasti hai/
_cby Maitreyi Pushpa
260 _aNew Delhi:
_bKithabghar,
_c2007.
300 _a198p.
650 _aStories Hindi
650 _aLiterature Hindi
650 _aLiterature
942 _cBK
999 _c16265
_d16265